| 000 | 01290cab a2200313 4500 | ||
|---|---|---|---|
| 001 | WB4021-10 | ||
| 008 | 040602n2004 000 0 eng u | ||
| 035 | _a(Sirsi) u126365 | ||
| 245 | _aPartnership for remote European regions | ||
| 260 | _c2004 | ||
| 490 |
_aRICS Brussels Briefing _v 31 May 2004, (1) |
||
| 520 | _aThe European Commission is proposing a stronger partnership with the most remote regions of the Union. The new strategy focuses on three main themes - competitiveness, accessibility and regional integration - and forms part of the reform of the EU's cohesion policy for 2007-13. The outermost regions are the four French overseas departments (Guadeloupe, French Guiana, Martinique and Réunion), the Spanish autonomous community of the Canary Islands and the Portuguese autonomous regions of the Azores and Madeira. | ||
| 590 | _aWB | ||
| 650 | _aEUROPEAN COMMISSION | ||
| 650 | _aCOMPETITIVENESS | ||
| 650 | _aREGIONAL INTEGRATION | ||
| 650 | _aEUROPEAN REGIONS | ||
| 650 | _aGUADELOUPE | ||
| 650 | _aFRENCH GUIANA | ||
| 650 | _aMARTINIQUE | ||
| 650 | _aREUNION | ||
| 650 | _aCANARY ISLANDS | ||
| 650 | _aAZORES | ||
| 650 | _aMADEIRA | ||
| 650 | _aTRANSPORT POLICIES | ||
| 650 | _aPARTNERSHIP | ||
| 690 | _aINTERNATIONAL-EUROPE | ||
| 942 | _n0 | ||
| 999 |
_c74417 _d74417 |
||